MARC

LEADER 00000nam1a2200000 4500
001 250442
005 20231031213146.0
035 |a (RuTPU)RU\TPU\book\272642 
090 |a 250442 
100 |a 20140213d1949 m y0rusy50 ca 
101 0 |a rus 
102 |a RU 
200 1 |a Вопросы географии Сибири  |e [сборник статей]  |f Географическое общество Союза ССР, Томский отдел ; Томский государственный университет (ТГУ) 
210 |a Томск  |c Издание Томского государственного университета  |d 1949-1973 
712 0 2 |a Географическое общество Союза ССР  |b Томский отдел  |c (1938-1992)  |2 stltpush  |3 (RuTPU)RU\TPU\col\8461 
712 0 2 |a Томский государственный университет (ТГУ)  |2 stltpush  |3 (RuTPU)RU\TPU\col\397 
801 1 |a RU  |b 63413507  |c 20140213 
801 2 |a RU  |b 63413507  |c 20211014  |g RCR 
942 |c BK